Delovaja perepiska i obrazcy dokumentov učebno-praktičeskoje posobije

Salvato in:
Dettagli Bibliografici
Autore principale: Kornejev, I. K.
Altri autori: Pšenko, A. V.
Natura: Libro
Lingua:russo
Pubblicazione: Moskva Prospekt 2009
Soggetti:
Tags: Aggiungi Tag
Nessun Tag, puoi essere il primo ad aggiungerne!!

MARC

LEADER 00000nam a2200000 4500
001 0179237
005 20231215114813.9
020 |a 978-5-392-00544-4 
041 0 |a rus 
044 |a RU 
245 1 0 |a Delovaja perepiska i obrazcy dokumentov  |b učebno-praktičeskoje posobije  |c I. K. Kornejev, A. V. Pšenko 
264 1 |a Moskva  |b Prospekt  |c 2009 
300 |a 323 s. 
610 2 0 |a korešpondencia 
610 2 0 |a administratíva 
610 2 0 |a agenda spisová 
610 2 0 |a formuláre 
610 2 0 |a práca administratívna 
610 2 0 |a spracovanie textov 
100 1 |a Kornejev, I. K. 
700 1 |a Pšenko, A. V.